Detroit Red Wings Roster 24-25 - Statistics

General Stats
  • This quiz has been taken 105 times
  • The average score is 15 of 22
Answer Stats
# Player % Correct
71 Dylan Larkin
98%
88 Patrick Kane
95%
93 Alex DeBrincat
90%
23 Lucas Raymond
90%
53 Moritz Seider
90%
34 Alex Lyon
83%
39 Cam Talbot
78%
77 Simon Edvinsson
74%
90 Joe Veleno
69%
37 J.T. Compher
69%
27 Michael Rasmussen
67%
35 Ville Husso
67%
8 Ben Chiarot
66%
18 Andrew Copp
64%
3 Justin Holl
62%
46 Jett Petry
57%
11 Vladimir Tarasenko
53%
36 Christian Fischer
48%
56 Erik Gustafsson
48%
48 Jonatan Berggren
47%
14 Tyler Motte
45%
20 Albert Johansson
40%
No matching quizzes found
Score Distribution
Percent of People with Each Score
Percentile by Number Answered
Your Score History
You have not taken this quiz